Terminator Actors Quiz - Statistics

General Stats
  • This quiz has been taken 74 times
  • The average score is 8 of 22
Answer Stats
Character Movie Actor % Correct
Terminator The Terminator, Terminator 2, Terminator 3, Terminator Genisys, Terminator: Dark Fate Arnold Schwarzenegger
100%
Sarah Connor The Terminator, Terminator 2, Terminator: Dark Fate Linda Hamilton
89%
John Connor Terminator 2 Edward Furlong
72%
T-1000 Terminator 2 Robert Patrick
68%
John Connor Terminator Salvation Christian Bale
66%
Kyle Reese The Terminator Michael Biehn
66%
Sarah Connor Terminator Genisys Emilia Clarke
51%
John Connor Terminator Genisys Jason Clarke
43%
Kyle Reese Terminator Genisys Jai Courtney
38%
Marcus Wright Terminator Salvation Sam Worthington
34%
Kate Connor Terminator 3 Claire Danes
32%
Kyle Reese Terminator Salvation Anton Yelchin
26%
John Connor Terminator 3 Nick Stahl
25%
Cameron Phillips The Sarah Connor Chronicles Summer Glau
23%
T-X Terminator 3 Kristanna Loken
21%
Kate Connor Terminator Salvation Bryce Dallas Howard
19%
Sarah Connor The Sarah Connor Chronicles Lena Headey
17%
Vukovich The Terminator Lance Henriksen
11%
John Connor The Sarah Connor Chronicles Thomas Dekker
11%
Dr. Serena Kogan Terminator Salvation Helena Bonham Carter
9%
Derek Reese The Sarah Connor Chronicles Brian Austin Green
6%
Catherine Weaver The Sarah Connor Chronicles Shirley Manson
4%
No matching quizzes found
Score Distribution
Percent of People with Each Score
Percentile by Number Answered
Your Score History
You have not taken this quiz